000 00318nam a22001337a 4500
008 181025b xxu||||| |||| 00| 0 eng d
020 _a9781516502981
041 _aeng
080 _a940
100 _a16
101 _aSHH
245 _aIn Liberating Strife An American History Reader
_cDeakin,V.J
942 _2udc
_cBK
999 _c50896
_d50896